00187nam a2200073Ia 4500008004100000100002400041245002700065260002100092120527s9999 xx 000 0 und d aYANKELOVICH,Daniel. aThe magic of dialogue. bNicholas Breatly